000
00284nam a2200109Ia 4500
008
190914s9999||||xx |||||||||||||| ||und||
100
_a
Perrone,paul j.
245
0
_a
Bulding Java Enterprise Systems with J2ee
260
_a
Canada
_b
Tata McGraw Hill
_c
2004
300
_a
399
942
_c
BK
999
_c
9699
_d
9699